000 00455nam a22001697a 4500
003 NUST-PNEC
005 20170116180743.0
008 150112b xxu||||| |||| 00| 0 eng d
040 _cPNEC
082 _a157.3 MAN
100 _91202
_aManzoor, H. Arif
245 _aAdvanced educational psychology
_cMajor Dr. Manzoor H. Arif
260 _aFaisalabad :
_bMajeed Book Depot,
_cc1992
300 _a326 p. :
_c22 cm.
650 _xGeneral
942 _2ddc
_cBK
999 _c62287
_d62287